[Event "Chigorin Memorial 21st"]
[Site "St Petersburg"]
[Date "2013.10.09"]
[Round "5"]
[White "Shpartko, Grigory"]
[Black "Golubeva, Maria"]
[Result "1-0"]
[WhiteElo "2135"]
[BlackElo "1864"]
[PlyCount "147"]
[EventDate "2013.10.05"]
[EventType "swiss"]
[EventRounds "9"]
[EventCountry "RUS"]
[SourceTitle "CBM 156 Extra"]
[Source "ChessBase"]
[SourceDate "2013.10.22"]
[SourceVersion "1"]
[SourceVersionDate "2013.10.22"]
[SourceQuality "1"]

1. d4 d5 2. c4 c6 3. Nf3 Nf6 4. Nc3 a6 5. Bf4 dxc4 6. a4 e6 7. e4 Bb4 8. Qc2 b5 9. Be2 Bb7 10. 0-0 0-0 11. Bg5 Be7 12. Rad1 Nbd7 13. b3 b4 14. e5 cxb3 15. Qxb3 Nd5 16. Nxd5 cxd5 17. Bxe7 Qxe7 18. a5 Nb8 19. Rb1 Nc6 20. Qa4 Rfc8 21. Rfc1 Rc7 22. Rc2 Rac8 23. Rbc1 b3 24. Qxb3 Nxa5 25. Rxc7 Rxc7 26. Rxc7 Qxc7 27. Qa4 g6 28. h4 Nc4 29. Nh2 h5 30. g4 hxg4 31. Nxg4 Kg7 32. Nf6 Qe7 33. Bxc4 dxc4 34. h5 gxh5 35. Qc2 Kf8 36. Qh7 Qd8 37. Qb1 Bc6 38. Qb4+ Kg7 39. Qxc4 Bb5 40. Qc1 Kf8 41. Qc5+ Kg7 42. Nxh5+ Kh6 43. Nf6 Kg7 44. Qc3 Qh8 45. d5 exd5 46. Nxd5 Kf8 47. Qc8+ Kg7 48. Qg4+ Kf8 49. Qb4+ Kg7 50. Qd4 Kf8 51. Nf6 Qg7+ 52. Kh2 Qh6+ 53. Kg3 Qg6+ 54. Kf4 Qh6+ 55. Ke4 Qh1+ 56. Ke3 Qc1+ 57. Ke4 Bc6+ 58. Kf5 Qc2+ 59. Kg4 Qg6+ 60. Kh4 Qh6+ 61. Nh5 Ke8 62. Qb6 Ke7 63. Qxa6 Qe6 64. Qa3+ Kd7 65. Nf6+ Kc7 66. Qa7+ Kc8 67. Qc5 Kc7 68. Kg5 Qb3 69. Kh6 Qh3+ 70. Kg7 Qe6 71. Kf8 Kd8 72. Qd6+ Kc8 73. Qxe6+ fxe6 74. Ke7 1-0

[Event "Chigorin Memorial 21st"]
[Site "St Petersburg"]
[Date "2013.10.08"]
[Round "4"]
[White "Kvitko, Nikita"]
[Black "Shpartko, Grigory"]
[Result "0-1"]
[WhiteElo "1788"]
[BlackElo "2135"]
[PlyCount "82"]
[EventDate "2013.10.05"]
[EventType "swiss"]
[EventRounds "9"]
[EventCountry "RUS"]
[SourceTitle "CBM 156 Extra"]
[Source "ChessBase"]
[SourceDate "2013.10.22"]
[SourceVersion "1"]
[SourceVersionDate "2013.10.22"]
[SourceQuality "1"]

1. e4 e5 2. Nf3 d6 3. Nc3 Nf6 4. d4 Nbd7 5. Bc4 Be7 6. 0-0 0-0 7. Ng5 h6 8. Nf3 a6 9. a4 exd4 10. Nxd4 Ne5 11. Ba2 c6 12. h3 Qc7 13. f4 Ng6 14. Be3 Bd7 15. Qd2 c5 16. Nf3 Bc6 17. f5 Ne5 18. Bxh6 Bxe4 19. Nxe5 gxh6 20. Ng6 Kg7 21. Nxf8 Rxf8 22. Nxe4 Nxe4 23. Qe2 Nf6 24. Rfe1 Bd8 25. Qf3 c4 26. Qg3+ Kh7 27. b3 Rg8 28. Qf3 d5 29. bxc4 dxc4 30. Qf4 Qc6 31. Qf3 Qxa4 32. Bb1 Qb5 33. c3 Qc5+ 34. Kh1 Bc7 35. Re2 Rg3 36. Qxb7 Qd6 37. Qb4 Qc6 38. Qe7 Rxh3+ 39. Kg1 Bh2+ 40. Kf2 Qb6+ 41. Re3 Ng4+ 0-1

[Event "St Petersburg-ch sf"]
[Site "St Petersburg"]
[Date "2013.01.31"]
[Round "6"]
[White "Donskov, Anatoly"]
[Black "Shpartko, Grigory"]
[Result "1-0"]
[WhiteElo "2300"]
[BlackElo "2165"]
[PlyCount "49"]
[EventDate "2013.01.26"]
[EventType "swiss"]
[EventRounds "9"]
[EventCountry "RUS"]
[SourceTitle "CBM 152 Extra"]
[Source "ChessBase"]
[SourceDate "2013.02.25"]
[SourceVersion "1"]
[SourceVersionDate "2013.02.25"]
[SourceQuality "1"]

1. e4 Nc6 2. Nf3 d6 3. d4 Nf6 4. Nc3 g6 5. h3 Bg7 6. Be3 Bd7 7. Qd2 a5 8. Bh6 0-0 9. 0-0-0 a4 10. e5 Ne8 11. h4 dxe5 12. h5 Bf5 13. Bxg7 Nxg7 14. Qh6 exd4 15. g4 dxc3 16. Rxd8 Rfxd8 17. Ng5 e5 18. Qxh7+ Kf8 19. bxc3 Bxg4 20. Bb5 Ne7 21. h6 Nef5 22. hxg7+ Ke7 23. g8Q Rxg8 24. Qxf7+ Kd6 25. Ne4# 1-0

[Event "St Petersburg-ch sf 85th"]
[Site "St Petersburg"]
[Date "2012.02.05"]
[Round "9.4"]
[White "Martynov, Pavel1111"]
[Black "Shpartko, Grigory"]
[Result "1-0"]
[WhiteElo "2237"]
[BlackElo "2129"]
[PlyCount "75"]
[EventDate "2012.01.28"]
[EventType "swiss"]
[EventRounds "9"]
[EventCountry "RUS"]
[SourceTitle "CBM 146 Extra"]
[Source "ChessBase"]
[SourceDate "2012.02.29"]
[SourceVersion "1"]
[SourceVersionDate "2012.02.29"]
[SourceQuality "1"]

1. e4 g6 2. d4 d6 3. Bc4 e6 4. Nf3 Bg7 5. Nc3 Ne7 6. Bg5 h6 7. Be3 a6 8. Qd2 b5 9. Bd3 Nd7 10. Rd1 Bb7 11. a4 bxa4 12. Nxa4 f5 13. exf5 Nxf5 14. Bxf5 gxf5 15. Nc3 Nf6 16. Qe2 0-0 17. 0-0 Qe8 18. Rfe1 Qh5 19. h3 Rae8 20. Bc1 Rf7 21. d5 exd5 22. Qd3 Rfe7 23. Rxe7 Rxe7 24. Nd4 Ne4 25. Nf3 Nc5 26. Qd2 Ne4 27. Qd3 Nc5 28. Qd2 d4 29. Nxd4 Bxd4 30. Qxd4 Rg7 31. Nd5 Bxd5 32. Qxd5+ Kh7 33. b4 c6 34. Qd4 Ne4 35. Bb2 Rg8 36. Qa7+ Kg6 37. f3 Re8 38. Qg7# 1-0